000 nam a22 a 4500
999 _c448733
_d448733
003 BLK
005 20230221100538.0
008 180411b bul|||||r ||||||| ||bul||
020 _a9786192590130
040 _aBLK
041 _aBUL
_cBUL
080 _aБългарска литература
_b821.163.2
_x-3
_z821.163.2-3
100 _aХристов, Владислав Минчев
_eпърви автор
_9335529
139 _aХристов, Владислав Минчев
_bХ 78
245 1 0 _aМопсът на Вазов
_bКраткости 2001-2021
_cВладислав Христов.
260 _aСофия
_bЕРГО
_c2021
_9212573
_f(София : Дайрект сървисиз)
_n978-954-92279- ; 978-954-8689- ; 954-8918-
300 _a136 с.
_c20 см
380 _aX
490 _9201206
_aНова българска проза
852 _aЦб 311534
_bЦб
942 _cKNG
_n0
_s1
_07
944 _aCR
_c2022-03-14
_kКети